000 00301nam a22001337a 4500
020 _a0-7214-1650-0
082 _a823
_bSTI/S
100 _aSTIMSON, JOAN
245 _aSTORY TIME FOR 6 YEARS OID
260 _aLONDIN
_bLADY BIRD
_c1994
300 _a43
650 _aENGLISH SHORT STORY
_zUK
942 _cBK
999 _c2599
_d2599